Statystyki dla Polacy w Lidze Mistrzów 2019/2020

Kliknij tutaj aby rozwiązać quiz!

Ogólne statystyki

  • Ten quiz został rozwiązany 284 razy
  • Średni wynik to 8 z 10

Statystyki odpowiedzi

klubpiłkarz% Poprawnych
NapoliPiotr Zieliński
99%
BayernRobert Lewandowski
99%
JuventusWojciech Szczęsny
98%
NapoliArkadiusz Milik
97%
Lokomotiw MoskwaGrzegorz Krychowiak
97%
Borussia DortmundŁukasz Piszczek
96%
Lokomotiw MoskwaMaciej Rybus
91%
Dinamo ZagrzebDamian Kądzior
66%
GenkJakub Piotrowski
22%
Bayer LeverkusenAdrian Stanilewicz
11%

Rozkład punktacji

Percentyl według liczby udzielonych odpowiedzi

Procent ludzi z każdym wynikiem

Twoja historia wyników

Nie rozwiązałeś tego quizu